000 00442nam a22001697a 4500
003 NUST - PNEC
005 20170116180949.0
008 150821b xxu||||| |||| 00| 0 eng d
020 _a8120312783
040 _cLIBRARY
082 _a621.381 BOG
100 _99045
_aBogart, Theodore F.
245 _aElectronic devices and circuits
_cTheodore F. Bogart
260 _cc1986.
650 _95379
_aElectronic circuits
_xME
942 _2ddc
_cBK
999 _c66356
_d66356